Educación en valores (Registro nro. 5571)

Detalles MARC
000 -Cabecera
Campo de control de longitud fija 00704ata a2200277 4500
005 - Fecha y hora de la última transacción
Campo de control 20260422193628.0
008 - Elementos de longitud fija--Información general
Campo de control de longitud fija 150223b2012 xxu||||| |||| 00| 0 eng d
020 ## - International Standard Book Number
Número Internacional Estándar del Libro (ISBN) 9789682482670
041 ## - Idioma
Código de idioma Español
082 ## - Clasificación Decimal Dewey
Número de clasificación 370.11 P436e
100 ## - Entrada principal--Autor personal
Nombre personal Pereira de Gómez, María Nieves
9 (RLIN) 18502
245 ## - Título propiamente dicho
Título Educación en valores
260 ## - Pie de imprenta
Lugar de publicación, distribución, etc. México
260 ## - Pie de imprenta
Nombre del editor, distribuidor, etc. Trillas
260 ## - Pie de imprenta
Fecha de publicación, distribución, etc. 2012
300 ## - Descripción física
Extensión 184 páginas
490 ## - Serie
Título de la Serie Temática General
650 ## - Materia general
Temática (materia general) EDUCACIÓN
650 ## - Materia general
Temática (materia general) VALORES
650 ## - Materia general
Temática (materia general) INNOVACIONES
650 ## - Materia general
Temática (materia general) EDUCACIÓN PERSONALIZADA
650 ## - Materia general
Temática (materia general) EDUCACIÓN POR VALORES
650 ## - Materia general
Temática (materia general) CAMBIO EDUCATIVO
650 ## - Materia general
Temática (materia general) PERSONALIZACIÓN DE PROFESORES
942 ## - Punto de acceso adicional KOHA
Tipo de ítem KOHA Libro
Fuente del sistema de clasificación o colocación Dewey Decimal Classification
Existencias
Signatura completa Código de barras Programa Académico Tipo de ítem
370.11 P436e 17925 Temática General Libro